00701nam a2200217 a 4500001001000000005001700010008004100027041000800068044000600076050002300082100002100105245014000126260003200266300003400298500000800332610003900340650002400379650002900403700003100432700002000463BRCA_818120190320210151.0080514s1960----u--ac##f##---#001-1#eng-# aeng au 4aHV8138b.B69c19601 aBowen, Walter S.10aThe Unites States Secret ServicecWalter S. Bowen and Harry Edward Neal ; with a foreword by U. E. Baughman, chief U.S. Secret Service. aPhiladelphiabChiltonc1960 a205 p.bil., retratosc24 cm. aX8624aServicios SecretoszEstados Unidos14aCrimen y criminales14aInvestigación criminal1 aNeal, Harry Edwardecoaut.1 aBaughman, U. E.